| 000 -LEADER |
| fixed length control field |
00875nam a2200205Ia 4500 |
| 001 - CONTROL NUMBER |
| control field |
12831 |
| 003 - CONTROL NUMBER IDENTIFIER |
| control field |
GE_BSU |
| 008 - FIXED-LENGTH DATA ELEMENTS--GENERAL INFORMATION |
| fixed length control field |
181216s||||||||xx |||||||||||||| ||und|| |
| 040 ## - CATALOGING SOURCE |
| Transcribing agency |
GE_BSU |
| 080 ## - UNIVERSAL DECIMAL CLASSIFICATION NUMBER |
| Universal Decimal Classification number |
631.6 |
| 100 ## - MAIN ENTRY--PERSONAL NAME |
| Personal name |
Антипов-Каратаев,И.Н. Сабо,Е.Ю. |
| 245 ## - TITLE STATEMENT |
| Title |
Лиманное насаждение древесных насаждении и мелиорация солонцовых земель в подзоне светлокаштановых почв. |
| 260 ## - PUBLICATION, DISTRIBUTION, ETC. |
| Place of publication, distribution, etc. |
Москва |
| 260 ## - PUBLICATION, DISTRIBUTION, ETC. |
| Name of publisher, distributor, etc. |
Изд-во АНСССР |
| 260 ## - PUBLICATION, DISTRIBUTION, ETC. |
| Date of publication, distribution, etc. |
1953 |
| 300 ## - PHYSICAL DESCRIPTION |
| Extent |
127стр.20см. |
| 300 ## - PHYSICAL DESCRIPTION |
| Dimensions |
Библиогр.с.126-127 |
| 653 ## - INDEX TERM--UNCONTROLLED |
| Uncontrolled term |
Лиманное насаждение древесных насаждении и мелиорация солонцовых земель в подзоне светлокаштановых почв. |
| 942 ## - ADDED ENTRY ELEMENTS (KOHA) |
| Koha item type |
წიგნი |